Eredivisie 2025/26 First XI - Statistics

General Stats
  • This quiz has been taken 129 times
  • The average score is 51 of 198
Answer Stats
Club Postition Nationality Player % Correct
AFC Ajax RW Bertrand Traoré
71%
PSV Eindhoven RW Ivan Perišić
67%
PSV Eindhoven RB Sergiño Dest
67%
AFC Ajax LM Kenneth Taylor
66%
Feyenoord FW Ayase Ueda
65%
PSV Eindhoven LM Joey Veerman
65%
AFC Ajax FW Wout Weghorst
65%
AFC Ajax GK Vitezslav Jaros
63%
FC Volendam FW Henk Veerman
62%
PSV Eindhoven CM Jerdy Schouten
62%
AFC Ajax CM Davy Klaassen
59%
PSV Eindhoven RM Ismael Saibari
59%
PSV Eindhoven LB Mauro Júnior
58%
AFC Ajax LW Raúl Moro
58%
AZ Alkmaar FW Troy Parrott
57%
PSV Eindhoven FW Alassane Pléa
56%
AFC Ajax CB Youri Baas
56%
PSV Eindhoven GK Matej Kovar
54%
AFC Ajax LB Owen Wijndal
54%
PSV Eindhoven LW Ruben van Bommel
53%
Feyenoord RW Anis Hadj Moussa
52%
PSV Eindhoven CB Ryan Flamingo
48%
Feyenoord AM Sem Steijn
48%
Feyenoord GK Timon Wellenreuther
48%
FC Twente GK Lars Unnerstall
46%
AZ Alkmaar CB Wouter Goes
46%
AFC Ajax RM Steven Berghuis
44%
Feyenoord CB Tsuyoshi Watanabe
44%
FC Utrecht GK Vasilios Barkas
44%
AZ Alkmaar RM Kees Smit
43%
FC Utrecht LB Souffian El Karouani
43%
Feyenoord RB Givairo Read
42%
NEC Nijmegen AM Tjaronn Chery
42%
PSV Eindhoven CB Yarek Gasiorowski
42%
FC Twente DM Ramiz Zerrouki
41%
AZ Alkmaar CM Jordy Clasie
39%
AZ Alkmaar LB Mees de Wit
39%
AZ Alkmaar LM Sven Mijnans
39%
sc Heerenveen GK Andries Noppert
38%
AZ Alkmaar GK Jeroen Zoet
38%
NEC Nijmegen CM Kodai Sano
38%
Feyenoord DM Luciano Valente
38%
Go Ahead Eagles RB Mats Deijl
38%
Go Ahead Eagles FW Milan Smit
38%
Sparta Rotterdam FW Tobias Lauritsen
38%
Telstar CM Tyrone Owusu
38%
Feyenoord CB Anel Ahmedhodžić
37%
Go Ahead Eagles GK Jari De Busser
37%
AZ Alkmaar CB Alexandre Penetra
35%
Sparta Rotterdam GK Joel Drommel
35%
Feyenoord LB Jordan Lotomba
35%
PEC Zwolle CB Simon Graves Jensen
35%
FC Utrecht AM Victor Jensen
35%
Feyenoord LW Gaoussou Diarra
34%
FC Utrecht CB Mike van der Hoorn
34%
Telstar GK Ronald Koeman Jr.
34%
Go Ahead Eagles AM Victor Edvardsen
34%
NEC Nijmegen AM Bryan Linssen
33%
Fortuna Sittard GK Mattijs Branderhorst
33%
FC Twente FW Ricky van Wolfswinkel
33%
FC Twente CB Robin Pröpper
33%
FC Utrecht FW David Min
32%
FC Utrecht CB Nick Viergever
32%
Feyenoord DM Oussama Targhalline
32%
AFC Ajax CB Aaron Bouwman
30%
Go Ahead Eagles LB Dean James
30%
AZ Alkmaar RB Denso Kasius
30%
NEC Nijmegen FW Koki Ogawa
30%
FC Utrecht LW Yoann Cathline
30%
AFC Ajax RB Youri Regeer
30%
Go Ahead Eagles CB Gerrit Nauber
29%
FC Twente LB Mats Rots
29%
AZ Alkmaar LW Ro-Zangelo Daal
29%
NEC Nijmegen CM Dirk Proper
28%
Telstar AM Patrick Brouwer
28%
AZ Alkmaar RW Ernest Poku
27%
Go Ahead Eagles CB Joris Kramer
27%
FC Utrecht RB Siebe Horemans
27%
FC Twente RB Bart van Rooij
25%
FC Twente RW Mitchell van Bergen
25%
FC Volendam AM Robert Mühren
25%
PEC Zwolle DM Ryan Thomas
25%
FC Groningen AM Thom van Bergen
25%
FC Groningen FW Brynjolfur Darri Willumsson
24%
FC Utrecht DM Gjivai Zechiël
24%
Fortuna Sittard RB Ivo Pinto
24%
NAC Breda FW Sydney van Hooijdonk
24%
FC Utrecht RW Adrian Blake
23%
FC Utrecht DM Alonzo Engwanda
23%
sc Heerenveen FW Dylan Vente
23%
Sparta Rotterdam DM Joshua Kitolano
23%
sc Heerenveen DM Luuk Brouwers
23%
Telstar FW Milan Zonneveld
23%
Excelsior GK Stijn van Gassel
23%
FC Twente AM Arno Verschueren
22%
NAC Breda LB Boy Kemper
22%
NEC Nijmegen CB Calvin Verdonk
22%
sc Heerenveen RW Jacob Trenskow
22%
Sparta Rotterdam DM Jens Toornstra
22%
Heracles Almelo FW Jizz Hornkamp
22%
NEC Nijmegen CB Philippe Sandler
22%
Sparta Rotterdam FW Shunsuke Mito
22%
FC Groningen RW Younes Taha El Idrissi
22%
Sparta Rotterdam CB Bruno Martins Indi
20%
Go Ahead Eagles DM Evert Linthorst
20%
Fortuna Sittard LW Kristoffer Peterson
20%
Heracles Almelo LW Mario Engels
20%
Excelsior FW Mike van Duinen
20%
FC Groningen DM Stije Resink
20%
FC Twente LW Taylor Booth
20%
FC Groningen CB Thijmen Blokzijl
20%
FC Twente DM Thomas van den Belt
20%
NEC Nijmegen CB Brayann Pereira
19%
PEC Zwolle FW Koen Kostons
19%
Go Ahead Eagles LW Mathis Suray
19%
FC Volendam LW Ozan Kökcü
19%
sc Heerenveen RB Vasilios Zagaritis
19%
NEC Nijmegen GK Gonzalo Crettaz
18%
FC Groningen CB Marvin Peersman
18%
Sparta Rotterdam LB Patrick van Aanholt
18%
Fortuna Sittard FW Paul Gladon
18%
Go Ahead Eagles RW Richonell Margaret
18%
NAC Breda GK Daniel Bielica
16%
Excelsior LW Gyan de Regt
16%
Telstar WB Jeff Hardeveld
16%
Sparta Rotterdam CB Marvin Young
16%
sc Heerenveen LW Maxence Rivera
16%
Sparta Rotterdam RB Saïd Bakari
16%
PEC Zwolle GK Tom de Graaff
16%
Telstar WB Tyrese Noslin
16%
Telstar CB Guus Offerhaus
15%
sc Heerenveen DM Joris van Overeem
15%
Fortuna Sittard CB Justin Hubner
15%
PEC Zwolle LW Kaj de Rooij
15%
FC Groningen RB Marco Rente
15%
Telstar CM Nils Rossen
15%
NEC Nijmegen WB Sami Ouaissa
15%
sc Heerenveen CB Sam Kersten
15%
Excelsior LB Arthur Zagre
14%
NEC Nijmegen WB Basar Onal
14%
FC Groningen GK Hidde Jurjus
14%
Fortuna Sittard DM Ryan Fosso
14%
Fortuna Sittard CB Shawn Adewoye
14%
FC Twente CB Stav Lemkin
14%
PEC Zwolle CB Anselmo García MacNulty
13%
Heracles Almelo RW Bryan Limbombe
13%
Go Ahead Eagles DM Calvin Twigt
13%
Heracles Almelo CB Damon Mirani
13%
Telstar CB Danny Bakker
13%
Fortuna Sittard RW Dimitris Limnios
13%
Fortuna Sittard DM Edouard Michut
13%
sc Heerenveen LB Hristiyan Petrov
13%
PEC Zwolle DM Jamiro Monteiro
13%
FC Volendam GK Kayne van Oevelen
13%
sc Heerenveen AM Levi Smans
13%
FC Volendam CB Mawouna Amevor
13%
sc Heerenveen CB Nikolai Hopland
13%
PEC Zwolle LB Sherel Floranus
13%
FC Groningen DM Tika de Jonge
13%
NAC Breda DM Boyd Lucassen
11%
Telstar CB Devon Koswal
11%
Heracles Almelo LB Djevencio van der Kust
11%
PEC Zwolle RW Dylan Mbayo
11%
Heracles Almelo CB Ivan Mesík
11%
Fortuna Sittard LB Jasper Dahlhaus
11%
NAC Breda RW Juho Talvitie
11%
NAC Breda DM Max Balard
11%
Telstar AM Soufiane Hetli
11%
FC Volendam CB Xavier Mbuyamba
11%
FC Volendam DM Gibson Yah
10%
NAC Breda AM Kamal Sowah
10%
Sparta Rotterdam AM Pelle Clement
10%
PEC Zwolle AM Thijs Oosting
10%
FC Volendam LB Yannick Leliendal
10%
Excelsior CB Casper Widell
9%
NAC Breda RB Cherrion Valerius
9%
NAC Breda CB Enes Mahmutovic
9%
Excelsior AM Noah Naujoks
9%
PEC Zwolle RB Olivier Aertssen
9%
Fortuna Sittard AM Philip Brittijn
9%
NAC Breda CB Terence Kongolo
9%
FC Volendam RW Aurelio Oehlers
8%
FC Groningen LW David van der Werff
8%
Excelsior RW Derensili Fernandes
8%
Heracles Almelo GK Fabian de Keijzer
8%
Excelsior RB Ilias Bronkhorst
8%
Heracles Almelo DM Jan Žambůrek
8%
NAC Breda LW Mohamed Nassoh
8%
Sparta Rotterdam AM Sayfallah Ltaief
8%
FC Groningen LB Wouter Prins
8%
FC Volendam DM Alex Plat
6%
FC Volendam RB Deron Payne
6%
Heracles Almelo RB Jannes Wieckhoff
6%
Heracles Almelo DM Sem Scheperman
6%
Excelsior DM Adam Carlén
4%
Excelsior DM Stijn Middendorp
3%
Heracles Almelo AM Tristan van Gilst
3%
Excelsior CB Stan Henderikx
1%
No matching quizzes found
Score Distribution
Percent of People with Each Score
Percentile by Number Answered
Your Score History
You have not taken this quiz